Trouvez les espèces d'oiseaux #2 - Statistiques

Statistiques générales
  • Ce quiz a été pris 131 fois
  • Le résultat moyen est 8 sur 22
Statistiques - réponses
Par images Réponse % Correct
Hibou Grand-duc
78%
Mésange bleue
73%
Héron cendré
66%
Pic vert
62%
Pigeon biset
59%
Pie bavarde
56%
Pygargue à tête blanche
50%
Canard mandarin
45%
Perruche à collier
43%
Quetzal resplendissant
43%
Paon bleu
38%
Perroquet gris du Gabon
37%
Toucan toco
29%
Autruche d'Afrique
27%
Fou à pieds bleu
26%
Marabout d'Afrique
26%
Casoar à casque
21%
Calao bicorne
14%
Kiwi austral
13%
Coq-de-roche orange
10%
Eurycère de Prevost
0%
Rollier indien
0%
Aucun quiz correspondant
Distribution des résultats
% des personnes avec chaque résultat
Percentile par nombre de réponses
Votre historique - résultats
Vous n’avez pas pris ce quiz